Les classements de Mbappé au ballon d'or - Statistiques

Statistiques générales
  • Ce quiz a été pris 117 fois
  • Le résultat moyen est 8 sur 8
Statistiques - réponses
Année Position % Correct
2023 3
99%
2025 7
98%
2019 6
96%
2024 6
96%
2021 9
96%
2018 4
95%
2022 6
94%
2017 7
90%
Aucun quiz correspondant
Distribution des résultats
% des personnes avec chaque résultat
Percentile par nombre de réponses
Votre historique - résultats
Vous n’avez pas pris ce quiz